000 01397nam0a22003371 4500
001 RU\INFOCOMM_322\NLR\5000239194
005 20250613112511.0
035 _a(NLR Aleph) 009612045
090 _a9378196
_c9378196
100 _a20130317d1968 |||y0rusy50 ca
101 0 _aeng
102 _aRU
105 _ay z |||||
200 1 _aProgress in human physiology due to space research
_f[By] V. V. Parin
_gPresented by the Government of the USSR
210 _a[M.
_d1968]
215 _a56 с.
_cил.
_d29 см
225 1 _aUnited Nations Conference on the exploration and peaceful uses of outer space
_vVB. 7
300 _aБез тит. л. и обл.
300 _aВ вып. дан.: Парин В. В. Достижения физиологии человека в связи с освоением космоса
309 _aОтпеч. множит. аппаратом на одной стороне листа
320 _aБиблиогр.: с. 43
606 0 _aКосмическая физиология
_2nlr_sh1
620 _aМосква
686 _aФл-710
_2rubbk
700 1 _aParin
_bV. V.
_f1903-1971
_gVasilij Vasil'evič
712 0 2 _aUnited Nations
_bConference on the exploration and peaceful uses of outer space
_eGeneva
_f1968
_4570
801 1 _aRU
_bInfocomm
_c20130317
801 0 _aRU
_bINFOCOMM
_gPSBO
852 _aNLR
_jАф01 Д-8/2
942 _cBOOK
980 _aNB